A cache of jewels and other collective nouns / (Record no. 1384)
[ view plain ]
| 000 -LEADER | |
|---|---|
| fixed length control field | 00899nam a22002657a 4500 |
| 005 - DATE AND TIME OF LATEST TRANSACTION | |
| control field | 20231204114005.0 |
| 020 ## - INTERNATIONAL STANDARD BOOK NUMBER | |
| International Standard Book Number | 0590425862 |
| 040 ## - CATALOGING SOURCE | |
| Original cataloging agency | DLC |
| Transcribing agency | DLC |
| Description conventions | amim |
| Language of cataloging | eng |
| 050 00 - LIBRARY OF CONGRESS CALL NUMBER | |
| Classification number | PE1689.H45 |
| 082 ## - DEWEY DECIMAL CLASSIFICATION NUMBER | |
| Classification number | 428.1 |
| 100 ## - MAIN ENTRY--PERSONAL NAME | |
| Personal name | Heller, Ruth |
| 245 02 - TITLE STATEMENT | |
| Title | A cache of jewels and other collective nouns / |
| Statement of responsibility, etc. | by Ruth Heller |
| 250 ## - EDITION STATEMENT | |
| Edition statement | First Scholastic printing , April 1989 |
| 260 ## - PUBLICATION, DISTRIBUTION, ETC. | |
| Date of publication, distribution, etc. | 1990 |
| Place of publication, distribution, etc. | New York : |
| Name of publisher, distributor, etc. | Scholastic, |
| 300 ## - PHYSICAL DESCRIPTION | |
| Extent | 42 unnumbered pages : |
| Dimensions | 21 cm |
| Other physical details | Color illustrations |
| 500 ## - GENERAL NOTE | |
| General note | Copyright: PUB 1Mar90; PA544-919. |
| 500 ## - GENERAL NOTE | |
| General note | Reference source used: copyright data sheet. |
| 505 ## - FORMATTED CONTENTS NOTE | |
| Formatted contents note | H |
| 520 ## - SUMMARY, ETC. | |
| Summary, etc. | Rhyming text and illustrations introduce a variety of collective nouns such as a "drift of swans" and a "clutch of eggs." |
| 521 ## - TARGET AUDIENCE NOTE | |
| Target audience note | 530 <br/> |
| Source | Lexile |
| 521 ## - TARGET AUDIENCE NOTE | |
| Target audience note | H <br/> |
| Source | Raz-Plus |
| 906 ## - LOCAL DATA ELEMENT F, LDF (RLIN) | |
| a | 0 |
| b | ibc |
| c | orignew |
| d | u |
| e | ncip |
| f | 19 |
| g | y-movingim |
| 942 ## - ADDED ENTRY ELEMENTS (KOHA) | |
| Source of classification or shelving scheme | Dewey Decimal Classification |
| Koha item type | Books |
| Suppress in OPAC | No |
| 999 ## - | |
| -- | 1384 |
| -- | 1384 |
| Withdrawn status | Lost status | Source of classification or shelving scheme | Damaged status | Not for loan | Collection | Home library | Current library | Shelving location | Date acquired | Total Checkouts | Full call number | Barcode | Date last seen | Date last checked out | Copy number | Price effective from | Koha item type |
|---|---|---|---|---|---|---|---|---|---|---|---|---|---|---|---|---|---|
| Library of Congress Classification | Non-Fiction | Footprints International School Library Network Toul Kork Campus | Footprints International School Library Network Toul Kork Campus | TK Primary Library Room(4th Floor), Bookcase 3&4, Shelves 17-32, Yellow Books | 08/23/2023 | 5 | HEL 428.1 PE1689.H45 | FISBK05250 | 10/03/2025 | 09/12/2025 | 1 | 08/23/2023 | Books | ||||
| Library of Congress Classification | Non-Fiction | Footprints International School Library Network Toul Kork Campus | Footprints International School Library Network Toul Kork Campus | 08/23/2023 | 4 | HEL 428.1 PE1689.H45 | FIS05118 | 09/18/2024 | 09/04/2024 | 2 | 08/23/2023 | Books |
